Data bases in the humanities and social sciences (Record no. 1377922)

MARC details
000 -LEADER
fixed length control field 00665nam a2200229Ia 4500
005 - DATE AND TIME OF LATEST TRANSACTION
control field 20250508162649.0
008 - FIXED-LENGTH DATA ELEMENTS--GENERAL INFORMATION
fixed length control field 008 250505s9999 xx 000 0 eng d
020 ## - INTERNATIONAL STANDARD BOOK NUMBER
International Standard Book Number 0-444-85499-1
037 ## - SOURCE OF ACQUISITION
Stock number Textual
040 ## - CATALOGING SOURCE
Original cataloging agency FEDL
Language of cataloging eng
Transcribing agency FEDL
041 ## - LANGUAGE CODE
Language code of text/sound track or separate title eng
Source of code eng
084 ## - COLON CLASSIFICATION NUMBER
Classification number 001.6, RAB
Assigning agency FEDL
100 ## - MAIN ENTRY--PERSONAL NAME
Personal name Raben Joseph Ed.
9 (RLIN) 773742
245 #0 - TITLE STATEMENT
Title Data bases in the humanities and social sciences
260 ## - PUBLICATION, DISTRIBUTION, ETC.
Place of publication, distribution, etc. Amsterdam
Name of publisher, distributor, etc. North-Holland Publishing Company
Date of publication, distribution, etc. 1980
300 ## - PHYSICAL DESCRIPTION
Extent xii,329p.
365 ## - TRADE PRICE
Price type code DFL
Price amount 125
650 ## - SUBJECT ADDED ENTRY--TOPICAL TERM
Topical term or geographic name entry element Computer Science
700 ## - ADDED ENTRY--PERSONAL NAME
Personal name Marks Gregory Ed.
9 (RLIN) 773743
942 ## - ADDED ENTRY ELEMENTS (KOHA)
Koha item type Textual
Classification part 001.6, RAB
Holdings
Withdrawn status Lost status Damaged status Not for loan Home library Current library Date acquired Cost, normal purchase price Total Checkouts Full call number Barcode Date last seen Price effective from Koha item type
        Department of Education Library Department of Education Library 2025-05-08 125.00   001.6, RAB EL0070487 2025-05-08 2025-05-08 Textual
Copyright @ Delhi University Library System